00293nam a2200133Ia 45000030006000000080041000060400015000471000009000622450040000712500010001112600009001215460012001300050017001420STCL150530s9999 xx 000 0 und d aSTCLcSTCL aHall aShort history of literary criticism aFirst c1963 aEnglish20220125170902.0